| 000 | 00509nam a22001817a 4500 | ||
|---|---|---|---|
| 003 | CEME | ||
| 005 | 20210628205603.0 | ||
| 008 | 210308b xxu||||| |||| 00| 0 eng d | ||
| 020 | _a0-521-561051 | ||
| 040 | _c. | ||
| 082 | _a620.1633 NIE'S | ||
| 100 |
_aSherby, O. D Nieh, T. Gwadsworth, J _976135 |
||
| 245 | _aSuperplasticity in metals and ceramics | ||
| 260 |
_aLONDON _bCAMDRIDGE _c1997 |
||
| 300 | _a273P | ||
| 650 |
_aSUPERPLASTICITY CERAMIC MATERIALS-PLASTIC PROPERTIES _976136 |
||
| 942 |
_cBK _2ddc |
||
| 999 |
_c581556 _d581556 |
||